000 00715nam a2200205 i 4500
001 139018
003 ES-MaACL
005 20250830063105.0
007 t|
008 070214s1968 sp a |||| | spa d
100 1 _aSanz, Carlos,
_d1903-1979
_9103566
245 1 0 _aRusia
_b: su descubrimiento, considerado como plena participación en la Historia, es una consecuencia directa del descubrimiento de América /
_cpor Carlos Sanz.
260 _a[S. l. :
_bs. n.],
_c1968.
300 _a3 h. :
_bil. ;
_c35 cm.
595 _aPublicado en: ABC, 21 de febrero de 1968.
651 4 _aRusia-
_xHistoria.
_99330
852 _aES-MaACL
_j2098-F-25
852 _aES-MaACL
_j2098-F-26
999 _c139018
_d139018